A general theory of magic

Αποθηκεύτηκε σε:
Λεπτομέρειες βιβλιογραφικής εγγραφής
Κύριος συγγραφέας: Mauss, Marcel, 1872-1950
Άλλοι συγγραφείς: Brain, Robert (Μεταφραστής)
Μορφή: Βιβλίο
Γλώσσα:English
French
Δημοσίευση: London, Boston : Routledge & Kegan Paul, 1972
Θέματα:
Ετικέτες: Προσθήκη ετικέτας
Δεν υπάρχουν, Καταχωρήστε ετικέτα πρώτοι!

MARC

LEADER 00000cam a2200000 i 4500
001 1/27149
008 060329s1972 eng d
020 |a 0-7100-7338-0 
035 |l 10083335 
040 |a GR-MY-UA  |b gre  |e aacr 
041 0 |a eng  |h fre 
082 0 |a 133.43  |2 (22) 
100 1 |a Mauss, Marcel,   |d 1872-1950. 
245 1 2 |a A general theory of magic /  |c by Marcel Mauss ; translated from the French by Robert Brain 
260 |a London, Boston :   |b Routledge & Kegan Paul,   |c 1972 
300 |a 148 σ.;  |c 23 εκ. 
504 |a Περιέχει ευρετήριο 
650 0 0 |a Magic. 
700 1 |a Brain, Robert,  |e trl 
852 |a INST  |b LESVOS  |e 20060329  |h 133.43 MAU  |p 005100034804  |q 005100034804  |t BK  |y 0 
901 |a BIBL1-2006-1 
909 |a Λ  |b 126200 
970 |a ΚΑΡΑ  |b ΓΙΑΣΕΜΗ  |z 2006/03/29